Harmonizácia vnútorného trhu služieb

Vývoj harmonizácie vnútorného trhu služieb. Smernica EÚ o službách na vnútornom trhu ako najvýznamnejšia iniciatíva. Rozsah pôsobnosti smernice o službách. Jednotné kontaktné miesta a ich hlavné funkcie. Jednotné kontaktné miesta v zahraničí.

Gespeichert in:
Bibliographische Detailangaben
1. Verfasser: Kovaříková, Barbora
Format: Buchkapitel
Sprache:Slowakisch
Schlagworte:
Tags: Tag hinzufügen
Keine Tags, Fügen Sie das erste Tag hinzu!

MARC

LEADER 00000nla a2200000 4500
001 0152670
005 20240502083347.7
041 0 |a slo 
044 |a CZ 
245 1 0 |a Harmonizácia vnútorného trhu služieb  |c Barbora Kovaříková 
520 |a Vývoj harmonizácie vnútorného trhu služieb. Smernica EÚ o službách na vnútornom trhu ako najvýznamnejšia iniciatíva. Rozsah pôsobnosti smernice o službách. Jednotné kontaktné miesta a ich hlavné funkcie. Jednotné kontaktné miesta v zahraničí. 
610 2 0 |a služby 
610 2 0 |a podnikanie 
610 2 0 |a trh vnútorný 
610 2 0 |a harmonizácia 
610 2 0 |a smernice 
610 2 0 |a Európska únia 
100 1 |a Kovaříková, Barbora